00856nam a22002412 450000100060000000300080000600500170001400800410003103500510007204000320012304100080015508200210016310000270018424500620021126000590027330000280033249000660036050400390042665000360046565000440050183000100054583000590055522145BD-RjUL20211209000755.0140306s1964 quca b 001 0 fre d a(BD-RjUL)22210aOCLC ocm10492533 from D970618M aVTUcVTUdEQOdBD-RjULbeng aeng00a759.11bVIP 19641 aViau, Guy,d1920-1971.13aLa peinture moderne au Canada français /cpar Guy Viau. aQuebec :bMinistère des Affaires culturelles,c1964. a93 p. :bill. ;c23 cm.1 aCollection art, vie et sciences au Canada français ;vno. 3 aBibliography: p. 86-89. and index. 0aPainting, Moderny20th century. 0aPainting, CanadianzQuébec (Province) 0vno. 3 0aCollection art, vie et sciences au Canada français ;